000 00415nam a2200145Ia 4500
008 230917s9999||||xx |||||||||||||| ||und||
040 _e181487
_aMAIN
041 _aEnglish
082 _a510 P84M
100 _aPosamentier, Alfred S
245 0 _aMathematical amazements and surprises: Fascinating figures and noteworthy numbers
260 _aNew York
_bPrometheus Books
_c2009
300 _a269 p.
942 _cBK
999 _c165632
_d165632